000 01156cam a22003618a 4500
001 16701103
003 OSt
005 20150408114157.0
008 110318s2011 enk b 001 0 eng
010 _a 2011012045
020 _a9781444334654 (pbk. : alk. paper)
020 _a1444334654 (pbk. : alk. paper)
035 _a(DNLM)101556749
040 _aDNLM/DLC
_cDLC
042 _apcc
050 0 0 _aQR46
_b.G49 2011
060 1 0 _aQW 4
082 0 0 _a616.9041
_222
_bLEN
245 0 0 _aLecture notes.
_pMedical microbiology and infection /
_cTom Elliott ... [et al.].
246 1 _aMedical microbiology and infection
250 _a5th ed.
260 _aChichester, West Sussex, UK :
_bWiley-Blackwell,
_c2011.
263 _a1110
300 _ap. ;
_ccm.
504 _aIncludes bibliographical references and index.
650 0 _aMedical microbiology
_vOutlines, syllabi, etc.
_96581
650 1 2 _aMicrobiology.
650 2 2 _aCommunicable Diseases
_xmicrobiology.
_917632
700 1 _aElliott, Tom
_q(Thomas Stuart Jackson)
_940853
906 _a7
_bcbc
_corignew
_d1
_eecip
_f20
_gy-gencatlg
942 _2ddc
_cBOOK
999 _c32540
_d267040